Extreme value theory : proceedings of a conference held in Oberwolfach, Dec. 6-12, 1987 /
Guardado en:
| Otros Autores: | , |
|---|---|
| Formato: | Libro |
| Idioma: | English |
| Publicado: |
New York :
Springer-Verlag,
c1989.
|
| Series: | Lecture notes in statistics (Springer-Verlag) ;
v. 51. |
| Materias: | |
| Etiquetas: |
Agregar Etiqueta
Sin Etiquetas, Sea el primero en etiquetar este registro!
|
| LEADER | 03170nam a2200277 a 4500 | ||
|---|---|---|---|
| 001 | MAT.inmabb004189 | ||
| 008 | 921030s1989####nyua#####b####101#0#eng#d | ||
| 005 | 20180703153043.0 | ||
| 245 | 0 | 0 | |a Extreme value theory : |b proceedings of a conference held in Oberwolfach, Dec. 6-12, 1987 / |c J. Hüsler, R.-D. Reiss (eds.). |
| 260 | |a New York : |b Springer-Verlag, |c c1989. | ||
| 300 | |a x, 279 p. : |b il. ; |c 25 cm. | ||
| 490 | 1 | |a Lecture notes in statistics ; |v 51 | |
| 504 | |a Incluye referencias bibliográficas e índices. | ||
| 505 | 0 | |a Michael Falk, Best attainable rate of joint convergence of extremes -- Trevor J. Sweeting, Recent results on asymptotic expansions in extreme value theory -- Paul Deheuvels, Strong laws for the kth order statistic when k<=clog2n. II -- P. Révész, Extreme values with very heavy tails -- D. Pfeifer and Y. S. Zhang, A survey on strong approximation techniques in connection with records -- U. Zähle, Self-similar random measures, their carrying dimension, and application to records -- M. R. Leadbetter and S. Nandagopalan, On exceedance point processes for stationary sequences under mild oscillation restrictions -- Simeon M. Berman, A central limit theorem for extreme sojourn times of stationary Gaussian processes -- Igor Rychlik, On the distribution of random waves and cycles -- L. Gajek and U. Gather, Characterizations of the exponential distribution by failure rate and moment properties of order statistics -- Z. Buczolich and G. J. Székely, A characterization of the uniform distribution via maximum likelihood estimation of its location parameter -- Sándor Csörgo and David M. Mason, Simple estimators of the endpoint of a distribution -- Jan Beirlant and Jozef L. Teugels, Asymptotic normality of Hill's estimator -- R.-D. Reiss, Extended extreme value models and adaptive estimation of the tail index -- W. P. McCormick and G. Mathew, Asymptotic results for an extreme value estimator of the autocorrelation coefficient for a first order autoregressive sequence -- E. Castillo, J. Galambos and J. M. Sarabia, The selection of the domain of attraction of an extreme value distribution from a set of data -- M. Ivette Gomes, Comparison of extremal models through statistical choice in multidimensional backgrounds -- Arnold Janssen, The role of extreme order statistics for exponential families -- K. Kinoshita and S. I. Resnick, Multivariate records and shape -- J. Hüsler, Limit distributions of multivariate extreme values in nonstationary sequences of random vectors -- J. Tiago de Oliveira, Statistical decision for bivariate extremes -- James Pickands III, Multivariate negative exponential and extreme value distributions. | |
| 510 | 4 | |a MR, |c 89j:60002 | |
| 020 | |a 0387969543 (New York) | ||
| 020 | |a 3540969543 (Berlin) | ||
| 700 | 1 | |a Hüsler, J. |q (Jürg) |4 edt | |
| 700 | 1 | |a Reiss, R.-D. |q (Rolf-Dieter) |4 edt | |
| 830 | 0 | |a Lecture notes in statistics (Springer-Verlag) ; |v v. 51. | |
| 650 | 0 | |a Extreme value theory |x Congresses. | |
| 084 | |a 60-06 (62-06) |2 msc2000 | ||
| 084 | |a 60G70 (62G32) |2 MR | ||
| 010 | |a 89133122 | ||
| 040 | |a ViBlbV |c ViBlbV |d WaU |d OCoLC |d DLC | ||
| 859 | |h 60 |i Ex96 |p A-6685 |b BIB. MATEMATICA | ||
